| 000 | 00508cam a22002052a 4500 | ||
|---|---|---|---|
| 001 | 020511 | ||
| 003 | AR-FADEU | ||
| 008 | 311216n2008####xxu####################dd | ||
| 020 | _a978-950-894-698-0 | ||
| 092 |
_aD343.31 _bR436 |
||
| 100 | _aResta, Eligio | ||
| 245 | _aLa infancia herida | ||
| 260 | _aBuenos Aires | ||
| 260 | _bAd-Hoc | ||
| 260 | _c2008 | ||
| 300 | _a112 p | ||
| 440 |
_aDerecho, estado y sociedad _n3 |
||
| 650 | _aDERECHO PENAL-MENORES; MENORES-JUSTICIA PENAL | ||
| 942 | _cBDGR | ||
| 999 |
_c26234 _d26234 |
||